000 01224cam a2200277 4500
008 030923n2003 000 0 eng u
020 _a1851126503
035 _a(Sirsi) u123690
041 _aeng
050 _a306.76
_c18
100 _aNiner, Pat
245 _aLocal authority gypsy/traveller sites in England
260 _aLondon
_bODPM
_c2003
350 _a18
490 _aODPM Housing Research Summary
_v195
520 _aSummary and full report of research undertaken by the Centre for Urban and Regional Studies at the University of Birmingham, FPD Savills and Alan Hedges into the availability and quality of local authority gypsy/traveller sites in England and the need for new site provision. View the summary and the full report at www.housing.odpm.gov.uk/.
650 _aGYPSIES
650 _aTRAVELLERS
650 _aGYPSY SITES
650 _aLOCAL AUTHORITIES
690 _aBlock management
_96220
710 _aUnited Kingdom
_bOffice of the Deputy Prime Minister
710 _aUniversity of Birmingham
_bCentre for Urban and Regional Studies
_94589
856 _uhttps://www.communities.gov.uk/index.asp?id=1155577
_zView the summary and the full report on the ODPM website...
942 _n0
999 _c103096
_d103096